000 00956cam a22003133a 4500
001 2662
003 PGUSA
005 20140828083020.0
008 010601s2001||||xxu|||||s|||||000 1 eng d
040 _aPGUSA
_beng
042 _adc
050 4 _aPR
100 1 _aHardy, Thomas,
_d1840-1928
245 1 0 _aUnder the Greenwood Tree; Or, The Mellstock Quire :
_bA Rural Painting of the Dutch School
_h[electronic resource] /
_cThomas Hardy
260 _bProject Gutenberg,
_c2001
506 _aPublic domain in the USA.
516 _aElectronic text
653 _aMusical fiction
653 _aPastoral fiction
653 _aLove stories
653 _aChurch musicians -- Fiction
653 _aCourtship -- Fiction
653 _aChoirs (Music) -- Fiction
653 _aWessex (England) -- Fiction
653 _aWomen teachers -- Fiction
830 0 _aProject Gutenberg
_v2662
856 4 0 _uhttp://www.gutenberg.org/ebooks/2662
942 _cEB
999 _c231995
_d231995